Dấu tích văn hóa thời Nguyễn
Đã lưu trong:
| Tác giả chính: | |
|---|---|
| Định dạng: | Sách |
| Ngôn ngữ: | Undetermined |
| Được phát hành: |
Huế
Thuận Hóa
1996
|
| Những chủ đề: | |
| Các nhãn: |
Thêm thẻ
Không có thẻ, Là người đầu tiên thẻ bản ghi này!
|
| Thư viện lưu trữ: | Trung tâm Học liệu Trường Đại học Cần Thơ |
|---|
| LEADER | 00515nam a2200169Ia 4500 | ||
|---|---|---|---|
| 001 | CTU_17067 | ||
| 008 | 210402s9999 xx 000 0 und d | ||
| 082 | |a 959.7 | ||
| 082 | |b V312/1996 | ||
| 100 | |a Hồ Vĩnh | ||
| 245 | 0 | |a Dấu tích văn hóa thời Nguyễn | |
| 245 | 0 | |c Hồ Vĩnh | |
| 260 | |a Huế | ||
| 260 | |b Thuận Hóa | ||
| 260 | |c 1996 | ||
| 650 | |a vietnam - civilization,vietnam - civilization - nguyên's dynasty | ||
| 980 | |a Trung tâm Học liệu Trường Đại học Cần Thơ | ||